2020 en chansons - Statistiques

Statistiques générales
  • Ce quiz a été pris 3 774 fois
  • Le résultat moyen est 13 sur 50
Statistiques - réponses
Artistes Chanson % Correct
Angèle Ta reine
77%
Vitaa & Slimane Avant toi
76%
The Weeknd Blinding lights
74%
Hatik Angela
65%
Vianney Beau papa
64%
Soolking & Dadju Meleğim
62%
Harry Styles Watermelon sugar
60%
Dua Lipa Levitating
59%
Tryo & McFly & Carlito Désolé pour hier soir
57%
Doja Cat Say so
55%
BTS Dynamite
44%
Ava Max Kings and queens
40%
Jason Derulo & Jawsh 685 Savage love
39%
Kendji Girac & Maître Gims Dernier métro
36%
Gradur Ne reviens pas
35%
Lewis Capaldi Before you go
34%
Camille Lellouche & Grand Corps Malade Mais je t'aime
33%
Maroon 5 Memories
33%
Christophe Maé La vie d'artiste
31%
Indochine Nos célébrations
27%
Louane Donne-moi ton coeur
27%
Amir La fête
26%
David Guetta & Sia Let's love
26%
Camélia Jordana Facile
24%
Amel Bent & Imen Es Jusqu'au bout
18%
Black Eyed Peas Mamacita
17%
Benjamin Biolay Comment est ta peine
15%
Clara Luciani La baie
13%
Kygo & Donna Summer Hot stuff
12%
Nea Some say
12%
47Ter On avait dit
11%
Trois Cafés Gourmands On t'emmène
11%
Claudio Capéo Ma jolie
9%
Jonas Brothers What a man gotta do
9%
Julien Doré La fièvre
9%
Zoe Wees Control
9%
Master KG Jerusalema
8%
Calogero La rumeur
7%
Ofenbach Head shoulders knees and toes
7%
Robin Schulz In your eyes ( feat. Alida )
6%
Tom Gregory Fingertips
6%
Ray Dalton In my bones
5%
Madame Monsieur & Jeremy Frerot Comme un voleur
4%
Purple Disco Machine Hypnotized
4%
The Faim Humans
3%
Gregory Porter Revival
2%
Alliel Encore
1%
Kylie Minogue Magic
1%
Maejor & Greeicy I love you
1%
Topic You bring me
0%
Aucun quiz correspondant
Distribution des résultats
% des personnes avec chaque résultat
Percentile par nombre de réponses
Votre historique - résultats
Vous n’avez pas pris ce quiz